<?xml version="1.0" encoding="UTF-8"?>
<record
    xmlns:xsi="http://www.w3.org/2001/XMLSchema-instance"
    xsi:schemaLocation="http://www.loc.gov/MARC21/slim http://www.loc.gov/standards/marcxml/schema/MARC21slim.xsd"
    xmlns="http://www.loc.gov/MARC21/slim">

  <leader>00785nam a22002057a 4500</leader>
  <controlfield tag="007">ta</controlfield>
  <controlfield tag="008">150515b        xxu||||| mmmm 00| 0 eng d</controlfield>
  <datafield tag="082" ind1=" " ind2=" ">
    <subfield code="a">TES SAN 2026</subfield>
  </datafield>
  <datafield tag="100" ind1=" " ind2=" ">
    <subfield code="a">S&#xE1;nchez Cabello, Hern&#xE1;n Leonardo</subfield>
    <subfield code="9">35550</subfield>
  </datafield>
  <datafield tag="245" ind1=" " ind2=" ">
    <subfield code="a">Causas de la Sobrecarga Laboral Docente de la Escuela Mar&#xED;a
Luisa Sepulveda de la comuna de Quilicura del a&#xF1;o 2024.</subfield>
  </datafield>
  <datafield tag="260" ind1=" " ind2=" ">
    <subfield code="a">Santiago:</subfield>
    <subfield code="b">Universidad Miguel de Cervantes. Escuela de Trabajo Social</subfield>
    <subfield code="c">2026</subfield>
  </datafield>
  <datafield tag="300" ind1=" " ind2=" ">
    <subfield code="a">68p.; Anexos.</subfield>
  </datafield>
  <datafield tag="521" ind1=" " ind2=" ">
    <subfield code="a">Tesis para optar al Grado de Licenciado en Trabajo Social.</subfield>
  </datafield>
  <datafield tag="650" ind1=" " ind2=" ">
    <subfield code="a">Sobrecarga de trabajo</subfield>
    <subfield code="9">35551</subfield>
  </datafield>
  <datafield tag="650" ind1=" " ind2=" ">
    <subfield code="a">Condiciones de trabajo</subfield>
    <subfield code="9">3288</subfield>
  </datafield>
  <datafield tag="650" ind1=" " ind2=" ">
    <subfield code="a">Profesores</subfield>
  </datafield>
  <datafield tag="653" ind1=" " ind2=" ">
    <subfield code="a">Tesis</subfield>
    <subfield code="a">Trabajo social</subfield>
  </datafield>
  <datafield tag="700" ind1=" " ind2=" ">
    <subfield code="a">Palma Fuentes, Mabel</subfield>
    <subfield code="q">Profesora gu&#xED;a</subfield>
    <subfield code="9">23726</subfield>
  </datafield>
  <datafield tag="942" ind1=" " ind2=" ">
    <subfield code="2">ddc</subfield>
    <subfield code="c">TESIS</subfield>
  </datafield>
  <datafield tag="999" ind1=" " ind2=" ">
    <subfield code="c">20323</subfield>
    <subfield code="d">20323</subfield>
  </datafield>
  <datafield tag="952" ind1=" " ind2=" ">
    <subfield code="0">0</subfield>
    <subfield code="1">0</subfield>
    <subfield code="2">ddc</subfield>
    <subfield code="4">0</subfield>
    <subfield code="7">0</subfield>
    <subfield code="8">CG</subfield>
    <subfield code="a">BC</subfield>
    <subfield code="b">BC</subfield>
    <subfield code="d">2026-03-17</subfield>
    <subfield code="e">donaci&#xF3;n</subfield>
    <subfield code="l">0</subfield>
    <subfield code="o">TES SAN 2026 c.1</subfield>
    <subfield code="p">00025536</subfield>
    <subfield code="r">2026-03-17</subfield>
    <subfield code="w">2026-03-17</subfield>
    <subfield code="y">TESIS</subfield>
  </datafield>
</record>
